000 00620cam a2200229 i 4500
001 4629238
005 20180109074250.0
008 781106s1980 nyua b 001 0 eng
010 _a 78025942
020 _a0195025563
020 _a0195025571 (pbk.)
040 _aDLC
_cDLC
_dDLC
041 _aeng
080 _a573.3 ROB
082 0 0 _a573.3 ROB
100 1 _a16
101 _aHIS
245 1 0 _aPatterns in prehistory :
_cRobert J. Wenke.
504 _aIncludes bibliographies and index.
906 _a7
_bcbc
_corignew
_d1
_eocip
_f19
_gy-gencatlg
942 _2ddc
_cBK
999 _c39921
_d39921